|
|
|
|
| LEADER |
00000naa2a2200000 4500 |
| 001 |
449465 |
| 005 |
20231101083152.0 |
| 035 |
|
|
|a (RuTPU)RU\TPU\prd\111556
|
| 035 |
|
|
|a RU\TPU\tpu\12106
|
| 090 |
|
|
|a 449465
|
| 100 |
|
|
|a 20110601a1989 k y0rusy50 ca
|
| 101 |
0 |
|
|a rus
|
| 102 |
|
|
|a RU
|
| 200 |
1 |
|
|a Микроструктура спеченной композиции TiC-TiNi
|f А. И. Слосман [и др.]
|
| 461 |
|
1 |
|0 (RuTPU)RU\TPU\prd\194
|x 0363-079X
|t Известия вузов. Черная металлургия
|d 1958-1996
|
| 463 |
|
1 |
|0 (RuTPU)RU\TPU\prd\111555
|t № 4
|v С 83-86
|d 1989
|
| 610 |
1 |
|
|a композиции
|
| 610 |
1 |
|
|a черная металлургия
|
| 610 |
1 |
|
|a труды учёных ТПУ
|
| 701 |
|
1 |
|a Слосман
|b А. И.
|c специалист в области материаловедения
|c профессор Томского политехнического университета
|f 1940-
|g Аркадий Иосифович
|2 stltpush
|3 (RuTPU)RU\TPU\pers\30264
|
| 701 |
|
1 |
|a Овечкин
|b Б. Б.
|c специалист в области материаловедения
|c доцент Томского политехнического университета, кандидат технических наук
|f 1959-
|g Борис Борисович
|2 stltpush
|3 (RuTPU)RU\TPU\pers\25471
|
| 701 |
|
1 |
|a Кульков
|b С. Н.
|c специалист в области материаловедения
|c профессор Томского политехнического университета, доктор физико-математических наук
|f 1952-
|g Сергей Николаевич
|2 stltpush
|3 (RuTPU)RU\TPU\pers\28994
|
| 701 |
|
1 |
|a Калиниченко
|b С. А.
|
| 801 |
|
1 |
|a RU
|b 63413507
|c 20040920
|g PSBO
|
| 801 |
|
2 |
|a RU
|b 63413507
|c 20180213
|g RCR
|
| 942 |
|
|
|c BK
|